A high dive (Record no. 16871)
[ view plain ]
| 000 -CABECERA | |
|---|---|
| campo de control de longitud fija | 00592caa a22001812a 4500 |
| 001 - NÚMERO DE CONTROL | |
| campo de control | 011091 |
| 003 - IDENTIFICADOR DEL NÚMERO DE CONTROL | |
| campo de control | AR-FADEU |
| 008 - DATOS DE LONGITUD FIJA--INFORMACIÓN GENERAL | |
| campo de control de longitud fija | 311216n########xxu####################dd |
| 092 ## - ASIGNACIÓN LOCAL DE SIGNATURA TOPOGRÁFICA DEWEY (OCLC) | |
| Número de clasificación | 808.831 |
| Número de documento/Ítem | A243n |
| 100 ## - ENTRADA PRINCIPAL--NOMBRE DE PERSONA | |
| Nombre de persona | Hartley, L. P. |
| 245 ## - MENCIÓN DE TÍTULO | |
| Título | A high dive |
| 300 ## - DESCRIPCIÓN FÍSICA | |
| Extensión | PP. 1-5 |
| 500 ## - NOTA GENERAL | |
| Nota general | En: Nothing to fear : and other stories / Adrian-Vallance, D'Arcy. Harlow : Longman, 1985 |
| 546 ## - NOTA DE LENGUA/LENGUAJE | |
| Nota de lengua/lenguaje | Inglés |
| 650 ## - PUNTO DE ACCESO ADICIONAL DE MATERIA--TÉRMINO DE MATERIA | |
| Término de materia o nombre geográfico como elemento inicial | /REVISADO/ |
| 773 0# - ENLACE AL DOCUMENTO FUENTE/ENTRADA DE REGISTRO ANFITRIÓN | |
| Número bibliográfico anfitrión | 16870 |
| Número de ítem anfitrión | 17079 |
| Encabezamiento principal | Adrian-Vallance, D'Arcy |
| Edición | |
| Lugar, editor y fecha de publicación | Harlow |
| Otro identificador del documento | 0926 |
| Título | Nothing to fear : and other stories |
| Número de control del registro | ( AR-FADEU) 011090 |
| Número Internacional Normalizado para Publicaciones Seriadas | |
| Número Internacional Estándar del Libro | 0-582-53109-8 |
| 942 ## - ELEMENTOS DE PUNTO DE ACCESO ADICIONAL (KOHA) | |
| Tipo de ítem Koha | BDGR |
No items available.